00482nam a2200181Ia 4500999001700000003000400017005001700021008004100038022001500079040000900094082002000103100002800123245003600151260004500187300000800232650001400240942004600254 c26761d26761OSt20201222095809.0190216s9999||||xx |||||||||||||| ||und|| 28171803105 coclc a894.8121bRAM/K aRamakrishnan, K V97059 0aKedavilaku /cK V Ramakrishnan bPoorna Publications, c1992.aKozhikode: a91p aKavithkal cBK2ddch894.8121iRAM/Kk894.8121mRAM/K